GREYLIT: Base de datos de literatura gris sobre manejo de recursos naturales en América Tropical. (Registro nro. 19296)

Detalles MARC
000 -CABECERA
Campo de control 00618nam a22001937a 4500
005 - FECHA Y HORA DE LA ULTIMA TRANSACCION
Campo de control 20180803170350.0
008 - ELEMENTOS DE LONGITUD FIJA—INFORMACION GENERAL
Campo de control 170207b xxu||||| |||| 00| 0 spa d
040 ## - FUENTE DE CATALOGACIÓN
Agencia catalogadora original CO-BoIAVH
Agencia transcriptora CO-BoIAVH
041 ## - IDIOMA
Código de idioma para texto/pista de sonido o título separado Español
090 ## - CLASIFICACIÓN LOCAL
Colección MM-
Consecutivo 00364
245 0# - MENCION DE TITULO
Título GREYLIT: Base de datos de literatura gris sobre manejo de recursos naturales en América Tropical.
246 ## - FORMA VARIANTE DEL TITULO
Título propiamente dicho/forma breve del título Grey Literature database on natural resour4ce management intropical america
257 ## - PAIS DE LA ENTIDAD PRODUCTORA DE FILMES DE ARCHIVO
País de la entidad productora Colombia
264 ## - Producción, Publicación, Distribución, Fabricación y Aviso de copyright
Lugar de producción, publicación, etc Cali:
Nombre del productor, editor, etc. Ciat,
Fecha de la producción, publicación, etc. 1999
300 ## - DESCRIPCION FISICA
Extensión 1 CD- Rom
650 ## - ASIENTO SECUNDARIO DE MATERIA - TERMINO TEMATICO
Término temático o nombre geográfico como elemento de entrada Bibliografía
650 ## - ASIENTO SECUNDARIO DE MATERIA - TERMINO TEMATICO
Término temático o nombre geográfico como elemento de entrada Literatura gris
942 ## - ELEMENTOS ADICIONALES (KOHA)
Sistema de clasificación Local
Tipo de ítem CD-ROM
Existencias
Withdrawn status Lost status Sistema de Clasificación Damaged status No para préstamo Colección Ubicación Permanente Ubicación actual Fecha de adquisición Total Checkouts Número topográfico Inventario / Código de Barras Date last seen Ejemplar Price effective from Forma de adquisición Tipo de material
    Local     Audiovisual Bogotá Bogotá 07/02/2017   MM-00364 042432 07/02/2017 Ej. 1 07/02/2017 Donación CD-ROM